[Event "IECG WC.2000.F.00001 email"]
[Site "IECG email"]
[Date "2000.11.01"]
[Round "?"]
[White "Morgado, Juan Sebastian"]
[Black "Bruckel, Gerhard"]
[Result "0-1"]
[WhiteElo "2696"]
[BlackElo "2300"]
[PlyCount "45"]
[EventDate "2000.11.01"]
[EventType "tourn (corr)"]
[EventRounds "14"]
[SourceTitle "Corr 2008"]
[Source "ChessBase"]
[SourceDate "2008.06.24"]
[SourceVersion "1"]
[SourceVersionDate "2008.06.24"]
[SourceQuality "1"]

1. e4 e5 2. Nf3 Nf6 3. Nxe5 d6 4. Nc4 Nxe4 5. Nc3 Nxc3 6. dxc3 Be7 7. Bd3 Nd7 8. 0-0 Nc5 9. Re1 Nxd3 10. Qxd3 0-0 11. Bf4 Bg5 12. Qd2 Bxf4 13. Qxf4 Re8 14. b3 b6 15. Re3 Bb7 16. Rae1 Qd7 17. Rxe8+ Rxe8 18. Rxe8+ Qxe8 19. Ne3 Qe6 20. c4 h6 21. Qd4 Kf8 22. f3 Qe5 23. c3 0-1